The economics of feasible socialism / (Record no. 9002)

MARC details
000 -LEADER
fixed length control field 00859pam a2200289 a 4500
001 - CONTROL NUMBER
control field 1860933
003 - CONTROL NUMBER IDENTIFIER
control field OSt
005 - DATE AND TIME OF LATEST TRANSACTION
control field 20240628102723.0
008 - FIXED-LENGTH DATA ELEMENTS--GENERAL INFORMATION
fixed length control field 820913s1983 enk b 001 0 eng
010 ## - LIBRARY OF CONGRESS CONTROL NUMBER
LC control number 82018169
020 ## - INTERNATIONAL STANDARD BOOK NUMBER
International Standard Book Number 0043350488
020 ## - INTERNATIONAL STANDARD BOOK NUMBER
International Standard Book Number 0043350496 (pbk.)
040 ## - CATALOGING SOURCE
Transcribing agency must
050 00 - LIBRARY OF CONGRESS CALL NUMBER
Classification number HX73
Item number .N67 1983
082 00 - DEWEY DECIMAL CLASSIFICATION NUMBER
Classification number 338.9 NOV 1983
Edition number 19
100 1# - MAIN ENTRY--PERSONAL NAME
Personal name Nove, Alec.
9 (RLIN) 18277
245 14 - TITLE STATEMENT
Title The economics of feasible socialism /
Statement of responsibility, etc. Alec Nove.
260 ## - PUBLICATION, DISTRIBUTION, ETC. (IMPRINT)
Place of publication, distribution, etc. London ;
-- Boston :
Name of publisher, distributor, etc. G. Allen & Unwin,
Date of publication, distribution, etc. 1983.
300 ## - PHYSICAL DESCRIPTION
Extent xi, 244 p. ;
Dimensions 25 cm.
504 ## - BIBLIOGRAPHY, ETC. NOTE
Bibliography, etc Includes bibliographical references and indexes.
650 #0 - SUBJECT ADDED ENTRY--TOPICAL TERM
Topical term or geographic name as entry element Socialism.
9 (RLIN) 18278
650 #0 - SUBJECT ADDED ENTRY--TOPICAL TERM
Topical term or geographic name as entry element Socialism
General subdivision History.
9 (RLIN) 18279
650 #0 - SUBJECT ADDED ENTRY--TOPICAL TERM
Topical term or geographic name as entry element Marxian economics.
9 (RLIN) 18280
650 #0 - SUBJECT ADDED ENTRY--TOPICAL TERM
Topical term or geographic name as entry element Economic history.
9 (RLIN) 17921
906 ## - LOCAL DATA ELEMENT F, LDF (RLIN)
a 7
b cbc
c orignew
d 1
e ocip
f 19
g y-gencatlg
942 ## - ADDED ENTRY ELEMENTS (KOHA)
Source of classification or shelving scheme Dewey Decimal Classification
Koha item type Open Shelf
Holdings
Withdrawn status Lost status Source of classification or shelving scheme Damaged status Not for loan Home library Current library Date acquired Source of acquisition Inventory number Total Checkouts Full call number Barcode Date last seen Price effective from Koha item type
    Dewey Decimal Classification     MUST Main Library MUST Main Library 28/06/2024 purchase 04/20677   338.9 NOV 1983 2024-21583 28/06/2024 28/06/2024 Open Shelf
    Dewey Decimal Classification     MUST Main Library MUST Main Library 17/07/2024 Purchase 04/20676   338.9 NOV 1983 2024-22031 17/07/2024 17/07/2024 Open Shelf